The Guggenheim medalists ; architects of the age of flight /

Bibliographic Details
Corporate Author: Daniel Guggenheim Medal Board of Award
Other Authors: Pendray, G. Edward (George Edward), 1901-
Format: Book
Language:English
Published: New York, [publisher not identified] ; 1964.
Subjects:

MARC

Tag First Indicator Second Indicator Subfields
LEADER 00000cam a2200000 4500
001 in00000613721
005 20151015050820.0
008 720204s1964 nyuac 00000ceng c
010 |a a 65007771  
035 |a (OCoLC)00233586 
035 |9 ACT2414AM 
040 |c CIN  |d TXA  |d UtOrBLW 
049 |a TXAM  |c 1 [407379], 2 [417172] 
090 |a TL539  |b .D24 
110 2 |a Daniel Guggenheim Medal Board of Award. 
245 1 4 |a The Guggenheim medalists ;  |b architects of the age of flight /  |c  [edited by] G. Edward Pendray. 
264 1 |a New York,  |b [publisher not identified] ;  |c 1964. 
300 |a 125 pages :  |b illustrations, portraits ;  |c 22 cm. 
336 |a text  |b txt  |2 rdacontent 
337 |a unmediated  |b n  |2 rdamedia 
338 |a volume  |b nc  |2 rdacarrier 
650 0 |a Aeronautics  |v Biography. 
700 1 |a Pendray, G. Edward  |q (George Edward),  |d 1901- 
999 |a MARS 
999 f f |s 56c40e61-b840-332f-8976-39d74f9a4354  |i 5a1bd819-400e-3dee-ba77-54712bd81884  |t 0 
952 f f |p ric  |a Texas A&M University  |b Rellis Campus  |c Joint Library Facility  |d Remote Storage  |t 0  |e TL539 .D24  |h Library of Congress classification  |i unmediated -- volume  |m A14805538673 
998 f f |a TL539 .D24  |t 0  |l Remote Storage